000 00650cam a2200217 4500
001 ABS62275
008 000000n2000 000 0 eng u
035 _a(Sirsi) u106057
100 _aHollis, M.
245 _aLooking forward to cracking weather
260 _c2000
490 _aValuer (ISVA)
_v69(3) May/June 2000, 18-19(2)
520 _aExamines what problems cracks in building may indicate and why they cause more concern in the summer months.
590 _aABS
650 _aCRACKS
650 _aSUBSIDENCE
650 _aTREE ROOTS
650 _aSTRUCTURAL SURVEYS
690 _aBUILT ENVIRONMENT-BUILDING PATHOLOGY
942 _n0
999 _c63529
_d63529